Julia's Magic (Record no. 364)

MARC details
000 -LEADER
fixed length control field 00265nam a22001097a 4500
008 - FIXED-LENGTH DATA ELEMENTS--GENERAL INFORMATION
fixed length control field 160622b xxu||||| |||| 00| 0 eng d
100 ## - MAIN ENTRY--PERSONAL NAME
9 (RLIN) 439
Personal name Cameron, E,
245 ## - TITLE STATEMENT
Title Julia's Magic
260 ## - PUBLICATION, DISTRIBUTION, ETC. (IMPRINT)
Place of publication, distribution, etc. New York
Name of publisher, distributor, etc. E.P Dutton
Date of publication, distribution, etc. 1984
300 ## - PHYSICAL DESCRIPTION
Extent Julia's Magic
942 ## - ADDED ENTRY ELEMENTS (KOHA)
Source of classification or shelving scheme Dewey Decimal Classification
Koha item type BOOK
Holdings
Withdrawn status Lost status Source of classification or shelving scheme Damaged status Not for loan Home library Current library Shelving location Date acquired Total Checkouts Full call number Barcode Date last seen Date last checked out Price effective from Koha item type
    Dewey Decimal Classification     Good Samaritan School Library Good Samaritan School Library FICTION 06/22/2016 3 823 CAM509 11/24/2025 11/14/2025 06/22/2016 BOOK

Powered by Koha